وصية مودع / (رقم التسجيلة. 86816)

تفاصيل مارك
000 -LEADER
fixed length control field 00568nam a22001937a 4500
005 - DATE AND TIME OF LATEST TRANSACTION
control field 20251108172723.0
008 - FIXED-LENGTH DATA ELEMENTS--GENERAL INFORMATION
fixed length control field 250721s2002 xx 000 0 ara d
082 14 - DEWEY DECIMAL CLASSIFICATION NUMBER
Classification number 215.1/عوا
100 1# - MAIN ENTRY--PERSONAL NAME
Personal name العوايشة، حسين بن عودة
Relator term مؤلف
245 10 - TITLE STATEMENT
Title وصية مودع /
264 1# - PRODUCTION, PUBLICATION, DISTRIBUTION, MANUFACTURE, AND COPYRIGHT NOTICE
Place of production, publication, distribution, manufacture بيروت :
Name of producer, publisher, distributor, manufacturer دار إبن حزم،
Date of production, publication, distribution, manufacture, or copyright notice 2002.
300 ## - PHYSICAL DESCRIPTION
Extent 57ص
490 0# - SERIES STATEMENT
Series statement (فقه الدعوة وتزكية النفس ؛ 7)
650 17 - SUBJECT ADDED ENTRY--TOPICAL TERM
Topical term or geographic name as entry element الوعظ والإرشاد
650 17 - SUBJECT ADDED ENTRY--TOPICAL TERM
Topical term or geographic name as entry element الموت
650 17 - SUBJECT ADDED ENTRY--TOPICAL TERM
Topical term or geographic name as entry element الوصايا
942 ## - ADDED ENTRY ELEMENTS (KOHA)
Source of classification or shelving scheme Dewey Decimal Classification
Koha item type كتب
المقتنيات
حالة السحب حالة الفقدان مصدر التصنيف حالة التلف غير قابل للإعارة المكتبة الرئيسية المكتبة الحالية موقع الرف تاريخ التزويد الرقم المتسلسل Total Checkouts رقم الإستدعاء الباركود تاريخ آخر ظهور تاريخ الفاتورة نوع المادة (كوها)
    Dewey Decimal Classification     مكتبة الحسن العامة مكتبة الحسن العامة الإعارة 28/07/2025 615703   215.1/عوا 615703 28/07/2025 28/07/2025 كتب
    Dewey Decimal Classification     مكتبة وادي السير العامة مكتبة وادي السير العامة الإعارة 13/07/2004 927832   215.1/عوا 927832 28/07/2025 13/07/2004 كتب
    Dewey Decimal Classification     مكتبة وادي السير العامة مكتبة وادي السير العامة الإعارة 28/07/2025 615707   215.1/عوا 615707 28/07/2025 28/07/2025 كتب
Implemented & Customized by: BBB with SCIT (Smart Chains for Information Technology)

Powered by Koha